00438nam a2200169Ia 4500008004100000041001200041082002500053100003000078245003500108365000700143520001200150546001200162630003500174650001200209655001200221730003500233101110s9999 xx 000 0 und d aMARATHI bSR21614a891.4611009 aSawarkar Ganesh Krushnaji aNavneet Dnyaneshwari ( Gadya ) b45 aMarathi aMARATHI aNavneet Dnyaneshwari ( Gadya ) aMarathi aMarathi aNavneet Dnyaneshwari ( Gadya )